La Fluctuación y sus efectos en el pueblo /

Sábháilte in:
Sonraí bibleagrafaíochta
Príomhchruthaitheoir: Esquivel V, Francisco
Formáid: Téacs
Ábhair:
Clibeanna: Cuir clib leis
Níl clibeanna ann, Bí ar an gcéad duine le clib a chur leis an taifead seo!

MARC

LEADER 00000 a a2200000 04500
001 1520
003
040
100 |a Esquivel V, Francisco  
245 |a La Fluctuación y sus efectos en el pueblo /  |c Francisco Esquivel V 
650 |a CICLOS ECONOMICOS  
650 |a CRECIMIENTO ECONOMICO  
650 |a MODERNIZACION  
650 |a PRODUCCIONES AGROPECUARIAS  
650 |a COSTA RICA  
773 |g número 6; páginas 2-3  
999 |c 38886  |d 38886